00441nam a2200133Ia 4500008004100000082001600041100003000057245002200087260005800109300001600167942000700183999001900190952009800209230907s9999||||xx |||||||||||||| ||und|| a697.78bCHI aChiras, Daniel D.9115069 4aThe solar house : aChelsea Green Pub.,bWhite River Junction, VT :c2002 ax, 274 p. : cBK c597446d597446 00104070aCAS-EbCAS-Ed2018-01-05l0o697.78 CHIpCAS-E0001545r2023-09-12w2023-09-12yBK